00325nam a22001097a 4500082003000000100002500030245004100055250001100096260004100107300003000148526003700178 a372.623bMCCcL-29, P-104 aMc Crimmon , James M aA First Course in College compsition a2nd ed aCambriogebThe Riversioe Pressc1957 axiv, 606 p:bill :c30 Cm a0b0c0d372_623000000000000_MCC